000 00319nam a2200121Ia 4500
008 240731s9999 xx 000 0 und d
022 _a1752-9182
245 0 _aPerson-Centered & Experiential Psychotherapies
260 _bRoutledge
856 _uhttps://www.tandfonline.com/loi/rpcp20
942 _2ddc
942 _cTFEJ
999 _c78899
_d78899
945 _a1
_bMadushi Gamage
_c1
_dMadushi Gamage